000 00263nam a22001097a 4500
082 _a620 UPS'S
100 _aUPSON, A.R,BATCHELOR, J.H
_978271
245 _aSYNCHRO ENGINEERING HANDBOOK
260 _aLONDON
_bHYTCHINSON
_c1966
300 _aXII, 235P
942 _cBK
999 _c583420
_d583420